Haythem: (Record no. 536987)
[ view plain ]
| 000 -LEADER | |
|---|---|
| fixed length control field | 00620nam a22001697a 4500 |
| 082 ## - DEWEY DECIMAL CLASSIFICATION NUMBER | |
| Classification number | 621.3 |
| 100 ## - MAIN ENTRY--PERSONAL NAME | |
| Personal name | Saeed, Muhammad Affan ; Saeed, Muhammad Hafeez ; Ahmed, Moiz |
| 245 ## - TITLE STATEMENT | |
| Title | Haythem: |
| Remainder of title | The Ocular Surgery Robot / |
| Statement of responsibility, etc. | Muhammad Affan Saeed ; Muhammad Hafeez Saeed ; Moiz Ahmed |
| 260 ## - PUBLICATION, DISTRIBUTION, ETC. | |
| Place of publication, distribution, etc. | Islamabad : |
| Name of publisher, distributor, etc. | SEECS - NUST, |
| Date of publication, distribution, etc. | 2018. |
| 300 ## - PHYSICAL DESCRIPTION | |
| Extent | 59 p. ; |
| Dimensions | 30cm. |
| 563 ## - BINDING INFORMATION | |
| Binding note | a |
| 650 ## - SUBJECT ADDED ENTRY--TOPICAL TERM | |
| Topical term or geographic name entry element | Electrical Engineering-Project Report |
| 700 ## - ADDED ENTRY--PERSONAL NAME | |
| Personal name | Dr. Ahmad Salman |
| 856 ## - Uniform Resource Identifier | |
| Uniform Resource Identifier | <a href="http://10.250.8.41:8080/xmlui/handle/123456789/5223">http://10.250.8.41:8080/xmlui/handle/123456789/5223</a> |
| 942 ## - ADDED ENTRY ELEMENTS (KOHA) | |
| Source of classification or shelving scheme | |
| Koha item type | Project Report |
| 650 ## - SUBJECT ADDED ENTRY--TOPICAL TERM | |
| -- | 30780 |
| 700 ## - ADDED ENTRY--PERSONAL NAME | |
| -- | 18529 |
| Withdrawn status | Lost status | Source of classification or shelving scheme | Damaged status | Not for loan | Permanent Location | Current Location | Shelving location | Date acquired | Full call number | Barcode | Date last seen | Price effective from | Koha item type |
|---|---|---|---|---|---|---|---|---|---|---|---|---|---|
| WITHDRAWN | Central Library (CL) | Central Library (CL) | Thesis | 10/19/2020 | 621.3 | CL-BP-627 | 10/19/2020 | 10/19/2020 | Project Report |
